000 00424cam a22001217a 4500
008 180718b1987 xxu||||| |||| 00| 0 eng d
082 _aA81x54 In2/81/11/PT7A&B/1
100 _aCensus of India 1981
245 _aMadhya Pradesh: special tables for scheduled castes
260 _aDelhi
_bThe Controller of Publications
_c1987
300 _a1075+p.
440 _aCensus of India 1981. Series-11, Madhya Pradesh. Part-VII A & B (i)
999 _c482965
_d482965